|
|
|
|
| LEADER |
00000nam a22000007a 4500 |
| 005 |
20140502215910.0 |
| 007 |
cr|||| |||| |
| 008 |
140502s2013 es |||||s|||| 00||0 spa d |
| 020 |
|
|
|a 978-84-9031-757-0
|
| 035 |
|
|
|a 12120
|
| 040 |
|
|
|a vLex
|
| 090 |
|
|
|c 4901
|d 4901
|
| 100 |
1 |
|
|a Ansut̀egui Roig, Francisco Javier
|
| 245 |
1 |
0 |
|a Razn̤ y voluntad en el Estado de Derecho. Un enfoque filosf̤ico-jurd̕ico
|h [Recurso electrn̤ico] /
|c Francisco Javier Ansut̀egui Roig
|
| 256 |
|
|
|a Servicio en ln̕ea
|
| 260 |
|
|
|a Madrid:
|b Dykinson,
|c 2013
|
| 300 |
|
|
|a 1 recurso electrn̤ico
|
| 500 |
|
|
|a La irresoluble tensin̤ entre razn̤ y voluntad presenta un carc̀ter paradigmt̀ico desde el punto de vista iusfilosf̤ico. A travš de ella, se manifiesta la existencia de dos dimensiones desde las cuales abordamos el valor y la realidad de lo jurd̕ico: la racionalidad y la correccin̤ moral (que se presentan como parm̀etro de evaluacin̤ de lo jurd̕ico), de un lado y, de otro, la positividad (expresin̤ de la voluntad que se genera en el m̀bito de lo polt̕ico). El Estado de Derecho, entendido como modelo bs̀ico a partir del cual se desarrolla el Estado constitucional, constituye un p̤timo escenario en el que se reproduce, en ocasiones con perfiles nuevos, esta tensin̤, que en l︢tima instancia se manifiesta de forma permanente cuando la razn̤ es la de los derechos constitucionales y la voluntad es la de la mayora̕. Es ah ̕cuando el anl̀isis del Estado de Derecho y del constitucionalismo contemporǹeo cobra interš para la Filosofa̕ del Derecho.
|
| 506 |
1 |
|
|a Disponible solo en los productos indicados
|d vLex Global
|d vLex Global (Academic Edition, excluding Law Schools)
|d vLex Global (U.S. Academic Edition, Law Schools)
|d vLex Global (U.S. Academic Edition, excluding Law Schools)
|d vLex Global (Academic Edition, Law Schools)
|
| 650 |
0 |
4 |
|a Derecho Civil
|z Espaą
|
| 740 |
0 |
|
|a vLex Libros (Servicio en ln̕ea)
|
| 856 |
4 |
0 |
|u http://vlex.com/source/razon-y-voluntad-en-el-estado-de-derecho-un-enfoque-filosofico-juridico-12120
|z Acceso restringido
|
| 942 |
|
|
|c BOOK
|
| 999 |
0 |
|
|a Civil Law
|